| 000 | 00563nam a2200169Ia 4500 | ||
|---|---|---|---|
| 003 | GCL | ||
| 005 | 20240530103518.0 | ||
| 008 | 140319s9999 xx 000 0 ara d | ||
| 040 |
_aGCL / _cGCL |
||
| 082 | 0 | 4 |
_a366.1 _bس م |
| 100 | 0 | _aسعيد الجزائرى | |
| 245 | 1 | 2 |
_aالماسونية ماضيها وحاضرها لغاية عام 2000 : _bبحث جرئ ووثائق تنشر لاول مرة / _cسعيد الجزائرى |
| 260 |
_aبيروت : _bدار الجيل ، _c1992 |
||
| 300 | _a366 ص | ||
| 650 | 0 | 4 | _aالماسونية |
| 942 |
_2ddc _cBK |
||
| 999 |
_c40145 _d40145 |
||